000 00987nam a22003137a 4500
003 CHAP
005 20220817042734.0
008 971013s1980 r 00010 d
010 _a54017
011 _a54989
035 _a59141
040 _cCHAP
082 _a636.085
_bS4
100 0 0 _aSell, Jerry L.
_9103806
245 _aMagnesium in animal nutrition
260 _aDes Moines :
_bIowa National Feed Ingredients Association,
_c1980
300 _a(pág. var.)
_b; gráfs.
590 _aBATCH-UPD
_b10
_c20130110
_lUCH01
_h0755
590 _aBATCH-UPD
_b10
_c20130110
_lUCH01
_h2358
590 _aBATCH-UPD
_b10
_c20130410
_lUCH01
_h0434
590 _aBATCH-UPD
_b10
_c20130914
_lUCH01
_h1425
590 _aCONVERSION
_b10
_c20130109
_lUCH01
_h1329
650 1 4 _aMagnesio en nutrición animal.
_969854
650 1 4 _aNutrición animal.
700 0 _aFontenot, J. P.
_942170
901 _aBK
942 _cLIBRO
949 _a636.085 S4
_bBC
_cLIBRO
_d33724000274668
_eLIBRO
_h58809
_i59141
_si
999 _c54017
_d54017